SOFTWARE PROJECT MANAGEMENT A UNIFIED FRAMEWORK / (Record no. 588084)
[ view plain ]
| 000 -LEADER | |
|---|---|
| fixed length control field | 00364nam a22001457a 4500 |
| 020 ## - INTERNATIONAL STANDARD BOOK NUMBER | |
| Qualifying information | HB. |
| 040 ## - CATALOGING SOURCE | |
| Transcribing agency | FIZZA ISHAQ |
| 082 ## - DEWEY DECIMAL CLASSIFICATION NUMBER | |
| Classification number | 005.12 |
| Author Mark | ROY |
| 100 ## - MAIN ENTRY--PERSONAL NAME | |
| Personal name | ROYCE, WALKER. |
| 9 (RLIN) | 89297 |
| 245 ## - TITLE STATEMENT | |
| Title | SOFTWARE PROJECT MANAGEMENT A UNIFIED FRAMEWORK / |
| Statement of responsibility, etc. | WALKER ROYCE. |
| 250 ## - EDITION STATEMENT | |
| Edition statement | 1st ED. |
| 260 ## - PUBLICATION, DISTRIBUTION, ETC. | |
| Name of publisher, distributor, etc. | ADDISON WESLEY, |
| Date of publication, distribution, etc. | 1998. |
| 300 ## - PHYSICAL DESCRIPTION | |
| Extent | 406 P. ; |
| 942 ## - ADDED ENTRY ELEMENTS (KOHA) | |
| Source of classification or shelving scheme | |
| Koha item type | Book |
| Withdrawn status | Lost status | Source of classification or shelving scheme | Damaged status | Not for loan | Permanent Location | Current Location | Date acquired | Total Checkouts | Full call number | Barcode | Date last seen | Price effective from | Koha item type |
|---|---|---|---|---|---|---|---|---|---|---|---|---|---|
| NUST Baluchistan Campus (NBC) | NUST Baluchistan Campus (NBC) | 02/21/2022 | 005.12 ROY | Q-2745 | 02/21/2022 | 02/21/2022 | Book |
